000 00474pab a2200157 454500
008 180718b2009 xxu||||| |||| 00| 0 eng d
100 _aFrench, P. Edward
245 _aEmployment laws and the public sector employer: lessons to be learned from a review of Lawsuits field against local government
260 _c2009
300 _ap.92-103.
362 _aJan-Feb
650 _aEmployment policy
773 _aPublic Administration Review
908 _aN
909 _a83882
999 _c83882
_d83882